000 00752cam a2200193 i 4500
005 20260127105358.0
008 250721s2021 jo gr 000 0 ara d
020 _a9789957968823
082 1 4 _a351.1
_bأ ط ب
100 1 _aاطبيقة، عبدالله محمد عبدالله
_eمؤلف.
245 1 2 _aالرضا الوظيفي :
_bللعاملين بمؤسسات الخدمة المجتمعية /
_cدكتور عبدالله محمد عبدالله أطبيقة.
250 _aالطبعة الاولى.
264 3 1 _aعمان :
_bدار غيداء للنشر،
_c2021.
300 _a170صفحة.
650 1 7 _aادارة الافراد.
650 1 7 _aالرضا الوظيفي.
942 _2ddc
_cBK
999 _c143249
_d143249